|
|
|
|
| LEADER |
01583nam a2200361 a 4500 |
| 001 |
EBC3415195 |
| 003 |
MiAaPQ |
| 005 |
20200520144314.0 |
| 006 |
m o d | |
| 007 |
cr cn||||||||| |
| 008 |
130502s2008 ne sa 101 0 eng d |
| 020 |
|
|
|z 9789086861002
|
| 020 |
|
|
|z 9789086865789 (e-book)
|
| 035 |
|
|
|a (MiAaPQ)EBC3415195
|
| 035 |
|
|
|a (Au-PeEL)EBL3415195
|
| 035 |
|
|
|a (CaPaEBR)ebr10688325
|
| 035 |
|
|
|a (OCoLC)923505607
|
| 040 |
|
|
|a MiAaPQ
|c MiAaPQ
|d MiAaPQ
|
| 050 |
|
4 |
|a HD9410.1
|b .W67 2008
|
| 111 |
2 |
|
|a World Conference on Animal Production
|n (10th :
|d 2008 :
|c Cape Town, South Africa)
|
| 245 |
1 |
0 |
|a Book of abstracts for the 10th World Conference on Animal Production
|h [electronic resource] /
|c this event is held under the auspices of the World Association for Animal Production, the South African Society for Animal Science and the All-Africa Association of Animal Production.
|
| 260 |
|
|
|a Wageningen :
|b Wageningen Academic Publishers,
|c 2008.
|
| 300 |
|
|
|a lvii, 247 p.
|
| 500 |
|
|
|a Includes index.
|
| 533 |
|
|
|a Electronic reproduction. Ann Arbor, MI : ProQuest, 2015. Available via World Wide Web. Access may be limited to ProQuest affiliated libraries.
|
| 650 |
|
0 |
|a Animal industry.
|
| 650 |
|
0 |
|a Livestock.
|
| 655 |
|
4 |
|a Electronic books.
|
| 710 |
2 |
|
|a World Association for Animal Production.
|
| 710 |
2 |
|
|a South African Society for Animal Science.
|
| 710 |
2 |
|
|a All-Africa Association of Animal Production.
|
| 710 |
2 |
|
|a ProQuest (Firm)
|
| 856 |
4 |
0 |
|u https://ebookcentral.proquest.com/lib/matrademy/detail.action?docID=3415195
|z Click to View
|